000 00303nam a2200121Ia 4500
008 190902s9999||||xx |||||||||||||| ||und||
020 _a007471330-2
100 _aRollin Glaser
245 0 _aClassics Reading In Self Managing- Teamwork
260 _aUK
_bPrentice Hall
_c1992
300 _a494
942 _cBK
999 _c2949
_d2949